IFM Opac

Desertation skills (Record no. 20185)

MARC details
000 -LEADER
fixed length control field 00317nam a22001337a 4500
020 ## - INTERNATIONAL STANDARD BOOK NUMBER
International Standard Book Number 0826453929
082 ## - DEWEY DECIMAL CLASSIFICATION NUMBER
Classification number 808.02WHI
100 ## - MAIN ENTRY--PERSONAL NAME
Personal name WHITE, B
245 ## - TITLE STATEMENT
Title Desertation skills
260 ## - PUBLICATION, DISTRIBUTION, ETC.
Place of publication, distribution, etc. New york
Name of publisher, distributor, etc. Continuum london
Date of publication, distribution, etc. 2000
300 ## - PHYSICAL DESCRIPTION
Extent 168p.
Other physical details ill;21cm
500 ## - GENERAL NOTE
General note includes, index and bibliography
942 ## - ADDED ENTRY ELEMENTS (KOHA)
Koha item type Books
Holdings
Withdrawn status Lost status Source of classification or shelving scheme Damaged status Not for loan Home library Current library Shelving location Date acquired Full call number Barcode Date last seen Price effective from Koha item type
    Dewey Decimal Classification     IFM Main Campus Library IFM Main Campus Library   05/15/2015 808.02WHI 0000027314 09/10/2018 02/19/2022 Books